Missing Word: Make a Film II Quiz Stats

 Plays Quiz Updated Oct 7, 2019

Score 0/12 Timer 04:00
7 Plays Today
Film 1 Answer Film % Correct
____ Pan (2003)Peter Rabbit
96.6%
____ Grit (2010)True Lies
93.5%
____ Hawk Down (2001)Black Panther
93.5%
Goodbye Christopher ____ (2017)Robin Hood
88.4%
____ in Pink (1986)Pretty Woman
88.2%
World ____ Z (2013)War Horse
88%
X-Men: ____ Class (2011)First Blood
81.9%
The Boss ____ (2017)Baby Driver
81.8%
____ Him to the Greek (2010)Get Out
75.2%
The LEGO ____ Movie (2017)Batman Forever
72.4%
____ Secret! (1984)Top Gun
72.1%
Shrek Forever ____ (2010)After Earth
61.2%

Today's Daily Dose

Missing Word
Banned Books (A-Z)

Word Ladder
Janis Joplin

Get the Picture
Occupations

You're not logged in!

Compare scores with friends on all Sporcle quizzes.
OR
Log In

Sporcle TV

Today on Sporcle TV


Watch our educational content, quiz creation guides, and fun videos on Sporcle TV.

Show Comments

Extras

Top Quizzes Today


Score Distribution

Your Account Isn't Verified!

In order to create a playlist on Sporcle, you need to verify the email address you used during registration. Go to your Sporcle Settings to finish the process.

Report this User

Report this user for behavior that violates our Community Guidelines.

Details: